书目信息 |
| 题名: |
国际贸易实务
|
|
| 作者: | 肖云南 | |
| 分册: | ||
| 出版信息: | 北京 清华大学出版社,北京交通大学出版社 2005 |
|
| 页数: | 163 | |
| 开本: | 23cm | |
| 丛书名: | 商务英语系列课程教材 | |
| 单 册: | ||
| 中图分类: | F740.4 , F74 | |
| 科图分类: | ||
| 主题词: | 商业经济 | |
| 电子资源: | ||
| ISBN: | 7-81082-448-1 | |
| 000 | 00621nam0 2200217 450 | |
| 001 | 2257916928 | |
| 005 | 20220926160551.03 | |
| 010 | @a7-81082-448-1@dCNY19.00 | |
| 100 | @a20070817d km y0chiy0120 ea | |
| 101 | 0 | @achi |
| 200 | 1 | @a国际贸易实务@Aguo ji mao yi shi wu@f肖云南等@Fxiao yun nan deng |
| 210 | @a北京@c清华大学出版社,北京交通大学出版社@d2005 | |
| 215 | @a163@d23cm | |
| 225 | 2 | @a商务英语系列课程教材 |
| 410 | 0 | @12001 @a商务英语系列课程教材 |
| 606 | 0 | @a商业经济 |
| 690 | @aF740.4@v3 | |
| 690 | @aF74@v4 | |
| 701 | 0 | @a肖云南@Axiao yun nan |
| 801 | 0 | @aCN@bPFT@c20070817 |
| 905 | @a213230@dF74@eW4@f1 | |
| 国际贸易实务/肖云南等.-北京:清华大学出版社,北京交通大学出版社,2005 |
| 163;23cm.-(商务英语系列课程教材) |
| ISBN 7-81082-448-1:CNY19.00 |
| ● |
| 相关链接 |
|
|
|
|
正题名:国际贸易实务
索取号:F74/W4
 
预约/预借
| 序号 | 登录号 | 条形码 | 馆藏地/架位号 | 状态 | 备注 |
| 1 | 0711405 | 207114059 | 密集书库-文学院/ [索取号:F74/W4] | 在馆 | |
| 2 | 1056872 | 210568722 | 密集书库-文学院/ [索取号:F74/W4] | 在馆 |